[Event "Online Olym Disabilities"]
[Site "Tornelo INT"]
[Date "2020.11.24"]
[Round "4.20"]
[White "Mappa, Saharuddin"]
[Black "Atabekyan, Sargis"]
[Result "0-1"]
[WhiteElo "1695"]
[BlackElo "1946"]
[PlyCount "126"]
[EventDate "2020.11.21"]
[EventType "team-swiss (rapid)"]
[EventRounds "7"]
[EventCountry "NET"]
[SourceTitle "CBM 199 Extra"]
[Source "ChessBase"]
[SourceDate "2021.01.31"]
[SourceVersion "1"]
[SourceVersionDate "2021.01.31"]
[SourceQuality "1"]
[WhiteTeam "Malaysia"]
[BlackTeam "Armenia"]
[WhiteTeamCountry "MAS"]
[BlackTeamCountry "ARM"]

1. e4 d5 2. exd5 Qxd5 3. Nf3 Nf6 4. d4 Bf5 5. c3 Nbd7 6. Be2 Bxb1 7. Rxb1 Qxa2 8. Bf4 Qa5 9. 0-0 e6 10. Bd3 Bd6 11. Bd2 c6 12. Re1 Qc7 13. h3 h6 14. c4 0-0 15. Qe2 c5 16. Be3 Rfe8 17. Red1 Bf4 18. Nd2 Bxe3 19. fxe3 cxd4 20. exd4 Qf4 21. Be4 Nxe4 22. Nxe4 Nf6 23. Nxf6+ Qxf6 24. Qf2 Qxf2+ 25. Kxf2 Rac8 26. b3 Red8 27. Ke3 Kf8 28. Ra1 a6 29. Rd3 Ke7 30. Rad1 Rd6 31. Ke4 Rcd8 32. g4 f6 33. d5 a5 34. h4 g6 35. g5 exd5+ 36. cxd5 hxg5 37. hxg5 f5+ 38. Ke5 Re8 39. Re3 Kd7+ 40. Kf4 Rxe3 41. Kxe3 Rb6 42. Rd2 Rxb3+ 43. Kd4 Kd6 44. Re2 Rb4+ 45. Kc3 Kxd5 46. Re7 Rg4 47. Rxb7 Rxg5 48. Rb5+ Ke4 49. Rxa5 Rg2 50. Ra4+ Kf3 51. Kd4 f4 52. Ke5 g5 53. Kf5 Rg3 54. Ra2 Ke3 55. Ra3+ Kf2 56. Ra2+ Kg1 57. Ke4 f3 58. Ra3 g4 59. Kf4 Rg2 60. Ra1+ Kh2 61. Ke3 f2 62. Rb1 Rg1 63. Rb2 g3 0-1